000 00508nam a22001817a 4500
005 20251108165429.0
008 250721s1980 xx 000 0 ara d
082 1 4 _a950.2/فؤا
100 1 _aالصياد، فؤاد عبد المعطي
245 1 0 _aالمغول في التاريخ /
264 1 _aبيروت :
_bدار النهضة العربية،
_c1980.
300 _a
650 1 7 _aآسيا
650 1 7 _aتاريخ آسيا
650 1 7 _aالمغول
942 _2ddc
_cBK
999 _c27751
_d27751